| 000 | 00632cam a2200229 4500 | ||
|---|---|---|---|
| 008 | 090401t1994 xxu||||| |||| 00| 0 eng d | ||
| 020 | _a0853895260 | ||
| 035 | _a(Sirsi) u62776 | ||
| 041 | _aeng | ||
| 050 | _a346.41604343 | ||
| 100 | _aDawson, Norma | ||
| 245 | _aBusiness tenancies in Northern Ireland. | ||
| 260 |
_aBelfast _bSLS Legal Publications (NI) _c1994 |
||
| 300 | _axxxiv,210p. ; 22cm. | ||
| 350 | _a40 | ||
| 650 | _aBUSINESS TENANCIES ACT (NI) 1964 | ||
| 650 | _aBUSINESS TENANCIES | ||
| 650 | _aNORTHERN IRELAND | ||
| 690 | _aLANDLORD AND TENANT-BUSINESS TENANCIES | ||
| 942 | _n0 | ||
| 948 | _c04/03/1997 | ||
| 999 |
_c94480 _d94480 |
||